Revista de derecho privado

Detalles Bibliográficos
Formato: Desconocido
Lenguaje:español
Publicado: Madrid : Edersa
Materias:
Acceso en línea:Acceso restringido

MARC

LEADER 00000ny a22000003n 4500
005 20110509125123.0
008 940511c19139999sp mr s 0 0 b0spa c
022 |a 0034-7922 
035 |a 223 
040 |a UMA.DER  |d vlex 
080 |a 347(051) 
090 |c 1445  |d 1445 
245 0 0 |a Revista de derecho privado  |h [Recurso electrn̤ico] 
256 |a Servicio en ln̕ea 
260 |a Madrid :  |b Edersa 
310 |a Mensual 
506 1 |a Contenido solo disponible en los productos indicados  |d vLex Global  |d vLex Global (Academic Edition, excluding Law Schools)  |d vLex Global (U.S. Academic Edition, Law Schools)  |d vLex Global (U.S. Academic Edition, excluding Law Schools)  |d vLex Global (Academic Edition, Law Schools) 
525 |a Tiene n̕dices anuales generales 
650 0 7 |a Constitucional  |2 Tesauro vLex 
650 0 7 |a Ambiental  |2 Tesauro vLex 
650 0 7 |a Daǫs y perjuicios  |2 Tesauro vLex 
650 0 7 |a Civil  |2 Tesauro vLex 
650 0 7 |a Daǫs  |2 Tesauro vLex 
650 0 7 |a Responsabilidad civil  |2 Tesauro vLex 
650 0 7 |a Contaminacin̤ acs︢tica  |2 Tesauro vLex 
650 0 7 |a Arbitrajes  |2 Tesauro vLex 
650 0 7 |a Arbitraje mercantil  |2 Tesauro vLex 
650 0 7 |a Derecho privado  |2 Tesauro vLex 
740 0 |a vLex Revista (Servicios en ln̕ea) 
853 |8 1  |i (year)  |j (month)  |k (day) 
856 4 0 |u http://vlex.com/source/223  |z Acceso restringido 
942 |c REV